| 000 | 00918nas a2200301 4500 | ||
|---|---|---|---|
| 001 | BR2011002121 | ||
| 003 | BR-BrBNA | ||
| 005 | 20231205114557.0 | ||
| 007 | ta | ||
| 008 | 230509b bl.|||p| |||| 00| 00por d | ||
| 040 |
_aBR-BrBNA _bpor _cBiblioteca Nacional de Agricultura |
||
| 041 | _a(En) | ||
| 072 | _aF30 | ||
| 100 | 1 | _aTerra, T. de F. | |
| 100 | 1 | _aWietholter, P. | |
| 100 | 1 | _aAlmeida, C.C. de S. | |
| 100 | 1 | _aSilva, S.D. dos A. e | |
| 100 | 1 | _aBered, F. | |
| 100 | 1 | _aSereno, M.J.C. de M. | |
| 100 | 1 | _aBarbosa Neto, J.F. | |
| 245 | 1 | _aGenetic variability in maize and teosinte populations estimated by microsatellites markers | |
| 650 | _aMILHO | ||
| 650 | _aVARIAÇÃO GENÉTICA | ||
| 650 | _aMARCADOR GENÉTICO | ||
| 773 | 0 |
_tCiência Rural (Brazil) _xISSN 0103-8478 _g(Feb 2011), v. 41(2) p. 205-211 _wBR2011002121 |
|
| 909 |
_a202311 _bLúcia _c55 _dLúcia Elande |
||
| 942 |
_2AGRIS _n0 _cANA |
||
| 999 |
_c209400 _d209400 |
||